I'm not who you think i am / (Record no. 3875)
[ view plain ]
| 000 -LEADER | |
|---|---|
| fixed length control field | 00672nam a22002417a 4500 |
| 001 - CONTROL NUMBER | |
| control field | 3875 |
| 003 - CONTROL NUMBER IDENTIFIER | |
| control field | FISKH |
| 005 - DATE AND TIME OF LATEST TRANSACTION | |
| control field | 20240521085543.0 |
| 008 - FIXED-LENGTH DATA ELEMENTS--GENERAL INFORMATION | |
| fixed length control field | 240520b cb ||||| |||| 00| 0 eng d |
| 040 ## - CATALOGING SOURCE | |
| Original cataloging agency | FISK |
| Language of cataloging | eng |
| Transcribing agency | FISK |
| Modifying agency | FISK |
| 050 ## - LIBRARY OF CONGRESS CALL NUMBER | |
| Classification number | PZ7.K2518 |
| 082 ## - DEWEY DECIMAL CLASSIFICATION NUMBER | |
| Classification number | 813 |
| 100 ## - MAIN ENTRY--PERSONAL NAME | |
| Personal name | Kehret Peg |
| Dates associated with a name | 1936- |
| 245 ## - TITLE STATEMENT | |
| Title | I'm not who you think i am / |
| Statement of responsibility, etc. | Peg Kehret |
| 300 ## - PHYSICAL DESCRIPTION | |
| Extent | 154 pages : |
| Dimensions | 20 cm |
| 505 ## - FORMATTED CONTENTS NOTE | |
| Formatted contents note | M |
| 520 ## - SUMMARY, ETC. | |
| Summary, etc. | Thirteen-year-old Ginger becomes the target of a disturbed woman who believes that she is her dead daughter. |
| 521 8# - TARGET AUDIENCE NOTE | |
| Target audience note | 710 |
| Source | Lexiles |
| 521 8# - TARGET AUDIENCE NOTE | |
| Target audience note | M |
| Source | Raz-Plus |
| 700 ## - ADDED ENTRY--PERSONAL NAME | |
| Personal name | Peg Kehret |
| 942 ## - ADDED ENTRY ELEMENTS (KOHA) | |
| Source of classification or shelving scheme | Dewey Decimal Classification |
| Koha item type | Books |
| Suppress in OPAC | No |
| Withdrawn status | Lost status | Source of classification or shelving scheme | Damaged status | Not for loan | Collection | Home library | Current library | Shelving location | Date acquired | Total Checkouts | Full call number | Barcode | Date last seen | Copy number | Price effective from | Koha item type |
|---|---|---|---|---|---|---|---|---|---|---|---|---|---|---|---|---|
| Dewey Decimal Classification | Fiction | Footprints International School Library Network Toul Kork Campus | Footprints International School Library Network Toul Kork Campus | 05/20/2024 | KEH PZ7.K2518 813 | 2024-0654 | 05/20/2024 | 1 | 05/20/2024 | Books |
